00589nam a2200193 a 450000100060000000300090000600800410001502000150005604000280007108200170009910000360011624500340015225000060018626000440019230000110023665000390024765000660028665000430035211052CO-ViMGA141112s2004 ck r 000 u spa d a9800102534 aCO-ViMGAbspacCO-ViMGA04a320.947 S82d1 aSucre Figarella, Jose Francisco10aDel Marxismo a la perestroika a1 aCaracas, cMonte Avila editores, c1988 a148 p.14aCOMUNISMO - ENSAYOS - CONFERENCIAS14aPERESTROIKA - CAUSAS Y CONSECUENCIAS - ENSAYOS - CONFERENCIAS14aPERESTROIKA - CRITICA E INTERPRETACION